000 00513nam a2200193 i 4500
001 C2-0272422
003 PPAK
005 20180728002009.0
008 060809s1982 nyua|||| ||||| | eng d
040 _aPPAK
_beng
_cPPAK
_erda
245 0 4 _aThe List
250 _aSixth
264 1 _aNew York :
_bIndependent Curators Incorporated ,
_c1982
300 _a58 pages :
_billustrations ;
_c28 cm
336 _2rdacontent
_atext
337 _2rdamedia
_aunmediated
338 _2rdacarrier
_avolume
942 _ddc
_cB
999 _c80394
_d80394